| 000 | 00804nam a2200265Ia 4500 | ||
|---|---|---|---|
| 003 | OSt | ||
| 005 | 20221006154134.0 | ||
| 006 | a|||||r|||| 00| 0 | ||
| 007 | ta | ||
| 008 | 221006b |||||||| |||| 00| 0 eng d | ||
| 020 |
_a0312228775 _c¥5402 |
||
| 024 | _a34,529 | ||
| 037 |
_bGift, Japan Foundation _cTextual |
||
| 040 |
_aEASL _cEASL _beng |
||
| 041 |
_2eng _aeng |
||
| 082 | _aV42:1958.N91, P0 | ||
| 100 |
_aRozman Gilbert Ed. _9140597 |
||
| 245 | 0 |
_aJapan and Russia _b The tortuous path to normalization, 1949-1999 |
|
| 260 |
_aNew York _bSt. Martin's Press _c2000 |
||
| 300 |
_a400p. _ccm. |
||
| 490 | _v JEL | ||
| 650 | _aHistory-Foreign relation | ||
| 942 |
_hV42:1958.N91, P0 _cTEXL _2CC |
||
| 999 |
_c1102615 _d1102615 |
||